Biogas : regenerative Energieerzengung durch anaerobe Fermentation organ : Abfälle in Biogasanlagen

Na minha lista:
Detalhes bibliográficos
Autor principal: Kaltwasser, Bernd J. (Author)
Formato: Livro
Idioma:alemão
Publicado em: Wiesbaden : Bauverlag GmbH, 1980
Tags: Adicionar Tag
Sem tags, seja o primeiro a adicionar uma tag!

MARC

LEADER 00000nam a22000003a 4500
001 stu162070
005 20150617225954.7
008 080424s1980----gw------------------ger-d
040 |a STU  |b slo 
041 0 |a ger 
044 |a gw 
080 |a 531.6 
100 1 |a Kaltwasser, Bernd J.  |4 aut 
245 1 |a Biogas : regenerative Energieerzengung durch anaerobe Fermentation organ :  |b Abfälle in Biogasanlagen 
260 |a Wiesbaden :  |b Bauverlag GmbH,  |c 1980 
300 |a 96 s 
996 |c V*21543/O-8487  |l VV18  |s P  |a 0  |w stu162070_0001